00567 2200205 4500001002100000005001500021035002000036007000300056008004100059020002200100082001000122084001600132100001600148245004700164250001100211260003900222300004600261650002200307700003200329INLIS00000000000085620210525081902 a0010-0521000093ta210525 g 0 ind  a978-602-427-126-8 a959.8 a959.8 SAR b0 aSardiman AM1 aBuku Guru Sejarah Indonesia /cSardiman AM aCet. 2 aKlaten :bPT Intan Pariwara,c2017 aviii + 392 hlm. :bilus. ;c17,5 x 25 cm. aSejarah Indonesia0 aAmurwani Dwi Lestariningsih